1591 1662 1194 1850 1394 1190 1553 1433 1080 1943 1874 1782 1595 1724 1710 1129 1273 1851 1818 1569 1863 1049 1258 1873 1653 1938 1246 1280 1269 1728 1029 1280 1649 1770 1833 1679 1097 1111 1211 1694 1800 1390 1350 1887 1674 1599 1471 1005 1010 1587 1113 1538 1994 1565 1635 1068 1890 1481 1128 1860 1982 1505 1338 1573 1286 1191 1425 1610 1380 1624 1433 1449 1150 1563 1297 1081 1882 1732 1097 1568 1465 1782 1490 1308 1566 1885 1624 1321 1264 1053 1307 1841 1721 1408 1878 1200 1735 1232 1374 BCNSPRNW ULIB Ver.6.0+V

เปลี่ยนเป็นภาษาไทย

Change to English
 แสดงรายละเอียดบรรณานุกรม
  กลับหน้าหลัก

Brief Record : Get Marc (ISO 2709) : E-mail record : QR code < ปิดหน้าต่าง
LEADER : 00000nam 2200000uu 4500
001    13399110964
003     ULIB
008    110614s||||||||th 000 0 tha d
020    9789743239267
050  4 AC158^bว296ศ 2550
100 0  วรากรณ์ สามโกเศศ
245 10 ศาสตร์แห่งความหดหู่และสิ้นหวัง :^bโลกนี้ไม่มีอะไรฟรี ภาค 6/^cวรากรณ์ สามโกเศศ
250    พิมพ์ครั้งที่ 1
260    กรุงเทพฯ :^bมติชน,^c2550
300    228 หน้า ;^c22 ซม.
650  7 เศรษฐศาสตร์
651  7 ไทย^xภาวะเศรษฐกิจ
945    ^p160^l0^i023151
995    ทศพร
999 ^a ใช้งานได้ทุกระบบ
รายการนี้ยังไม่มีแท็ก
คุณยังไม่ได้ล็อกอิน คุณสามารถมีกิจกรรมร่วมกับเว็บไซต์ได้ แต่ต้องล็อกอินก่อน ::
  ล็อกอิน

รายการสื่อสารสนเทศ

ลำดับที่ ประเภท เลขเรียก/บาร์โค้ด สถานที่ สถานะ
- ไม่พบข้อมูล -

รายการใกล้เคียง
    ผู้แต่ง [วรากรณ์ สามโกเศศ]

    หัวเรื่อง [เศรษฐศาสตร์]

BibComment


ยังไม่เคยถูกคอมเมนท์

คอมเมนท์ทรัพยากรรายการนี้
  คอมเมนท์: ศาสตร์แห่งความหดห..


 Copyright 2026. Bcnsprnw @Library